000 00279nam a2200121Ia 4500
008 190216s9999||||xx |||||||||||||| ||und||
100 _aNikunj
245 0 _aHindi - Sathapuda Ke Aamsu
260 _bGanapathi Publication
_c2008
300 _a146
650 _aHindi
942 _cBK
999 _c16512
_d16512